| 000 | 00983nam a22002295i 4500 | ||
|---|---|---|---|
| 001 | 164518 | ||
| 003 | ES-MaACL | ||
| 005 | 20231229063048.0 | ||
| 008 | 980930s1837 sp |||| | spa d | ||
| 080 | _a94(460)"1833/40" | ||
| 100 | 1 |
_aSan Miguel, Evaristo, _d1785-1862 _9132380 |
|
| 245 | 1 | 0 |
_aConstitución y Estatuto / _cpor Don Evaristo San Miguel. |
| 260 |
_aMadrid : _b[s. n.], _c1837 ( _fImp. de Don Miguel de Burgos) |
||
| 300 |
_a21 p. ; _c21 cm. |
||
| 530 | _aDisponible en formato digital. | ||
| 610 | 1 | 4 |
_aEspaña. _bRey (1833-1868: Isabel II). _tEstatuto Real, 1834. _9175647 |
| 610 | 1 | 4 |
_aEspaña. _tConstitución, 1837. _93653 |
| 651 | 4 |
_aEspaña- _xHistoria constitucional- _yS.XIX. _98367 |
|
| 852 | 4 |
_aES-MaACL _jT-12-F-19 _z- Enc. hol. _z- Enc. en un vol. facticio |
|
| 856 | 4 |
_uhttp://bvrajyl.rajyl.es/i18n/consulta/registro.cmd?id=9895 _zBiblioteca Virtual de la Real Academia de Jurisprudencia y Legislación |
|
| 999 |
_c164518 _d164518 |
||